000 00686nam a22002177a 4500
003 UA-OsUOA
001 72829
007 ta
008 20110128b un ||||| |||| 00| 0 ukr d
100 _aЯсна Ю.
090 _a330
_bЯ82
942 _cSA
040 _aUA-OsUOA
_bukr
_cUA-OsUOA
_dUA-OsUOA
245 _aЕкономіка-2011: Україна і світ. Світова економіка прискорюється - такий свіжий прогноз Світового банку
300 _aС.2
955 _a0
041 _aukr
080 _a330
773 0 _w72828
_tУкраїна- business
_dК.
_d2011
_g3
650 7 _a330 Економіка взагалі
_2UDC
999 _c359111
_d359111